书目信息 |
| 题名: |
金属材料及热处理
|
|
| 作者: | 崔振铎 , 刘华山 主编 | |
| 分册: | ||
| 出版信息: | 长沙 中南大学出版社 2010 |
|
| 页数: | 499页 | |
| 开本: | 23cm | |
| 丛书名: | ||
| 单 册: | ||
| 中图分类: | TG14 , TG15 | |
| 科图分类: | ||
| 主题词: | 金属材料--高等学校--教材 , 高等学校--教材 | |
| 电子资源: | 电子图书全文(方正电子图书) 远程访问电子图书全文(方正电子图书) | |
| ISBN: | 978-7-5487-0058-6 | |
| 000 | 01143n|m0 2200301 450 | |
| 001 | 2353562690 | |
| 005 | 20230907145517.11 | |
| 010 | @a978-7-5487-0058-6@dCNY 65.00 | |
| 100 | @a20101208d2010 em y0chiy50 ea | |
| 101 | 0 | @achi |
| 102 | @aCN@b430000 | |
| 105 | @aa z 000yy | |
| 135 | @adrbn auuuu | |
| 200 | 1 | @a金属材料及热处理 @f崔振铎,刘华山主编 @9jin shu cai liao ji re chu li |
| 210 | @a长沙@c中南大学出版社@d2010 | |
| 215 | @a499页@c图@d23cm | |
| 325 | @a电子复制品 | |
| 330 | @a本书共分8章,内容包括:绪论、固态相变导论、钢的热处理原理与工艺、有色金属热处理原理与工艺、金属强韧化导论、钢铁材料等。 | |
| 606 | 0 | @a金属材料@x高等学校@j教材 |
| 606 | 0 | @x高等学校@j教材 |
| 690 | @aTG14@v4 | |
| 690 | @aTG15@v4 | |
| 701 | 0 | @a崔振铎@4主编@9cui zhen duo |
| 701 | 0 | @a刘华山@c(金属材料学)@4主编@9liu hua shan |
| 801 | 0 | @aCN@bMuseLib.NET@c20101208 |
| 856 | 4 | @uhttp://202.106.125.14/Usp/apabi_usp/pub.mvc?pid=book.detail&metaid=m%2e20101116%2dYPT%2d889%2d0408@z电子图书全文(方正电子图书) |
| 856 | 4 | @uhttp://login.nlc.gov.cn/niMingLogin.action@z远程访问电子图书全文(方正电子图书) |
| 905 | @aMUSE@dTG14@eC978 | |
| 金属材料及热处理 /崔振铎,刘华山主编 .-长沙:中南大学出版社,2010 |
| 499页:图;23cm |
| ISBN 978-7-5487-0058-6:CNY 65.00 |
| 本书共分8章,内容包括:绪论、固态相变导论、钢的热处理原理与工艺、有色金属热处理原理与工艺、金属强韧化导论、钢铁材料等。 |
| ● |
| 相关链接 |
|
|
|
正题名:金属材料及热处理
索取号:TG14/C978
 
预约/预借
| 序号 | 登录号 | 条形码 | 馆藏地/架位号 | 状态 | 备注 |
| 1 | 797682 | 207976822 | 自科库501/301自科库 100排7列1层/ [索取号:TG14/C978] | 在馆 |